FC Bayern All Time Kader (1950-2026) - Statistiken

Allgemein
  • Dieses Quiz wurde 1.860 mal gespielt
    714 seit der letzten Aktualisierung
  • Das Durchschnittsergebnis liegt bei 99 aus 500
Antwortstatistiken
Bei Bayern Aktiv ab Spieler % Korrekt
2011 Manuel Neuer
92%
2009 Thomas Müller
92%
1964 Gerd Müller
91%
2023 Harry Kane
91%
1979 Manfred Müller
90%
2023 Min-jae Kim
89%
2025 Lennart Karl
87%
2015 Joshua Kimmich
85%
2024 Michael Olise
84%
2025 Luis Diaz
83%
2007 Franck Ribery
80%
2020 Jamal Musiala
80%
2014 Robert Lewandowski
80%
2009 Arjen Robben
79%
2021 Dayot Upamecano
79%
2018 Leon Goretzka
79%
2018 Serge Gnabry
79%
2002 Bastian Schweinsteiger
78%
1994 Oliver Kahn
78%
2002 Philipp Lahm
78%
2025 Jonathan Tah
77%
2015 Sven Ulreich
77%
2020 Leroy Sane
76%
2019 Alphonso Davies
75%
2025 Jonas Urbig
75%
2023 Konrad Laimer
73%
2007 Mats Hummels
73%
2011 Jerome Boateng
71%
2010 David Alaba
70%
2023 Aleksandar Pavlovic
69%
2015 Kingsley Coman
68%
1964 Franz Beckenbauer
67%
2025 Tom Bischof
66%
2025 Nicolas Jackson
65%
2024 Hiroki Ito
64%
2021 Josip Stanisic
64%
2013 Mario Götze
64%
2007 Toni Kroos
64%
2017 Felix Götze
63%
1979 Dieter Hoeneß
60%
1984 Lothar Matthäus
60%
1970 Uli Hoeneß
60%
2009 Mario Gomez
58%
2007 Miroslav Klose
58%
2012 Dante
57%
1974 Karl-Heinz Rummenigge
57%
2022 Matthijs de Ligt
57%
2013 Thiago
57%
1982 Bernd Martin
56%
2012 Javi Martinez
56%
1958 Karl Mai
56%
2019 Lukas Mai
56%
1983 Michael Rummenigge
56%
2024 Sascha Boey
56%
2012 Mario Mandzukic
55%
2022 Sadio Mane
54%
2017 Niklas Süle
53%
2023 Raphael Guerreiro
53%
1962 Sepp Maier
53%
2014 Xabi Alonso
53%
2004 Paolo Guerreiro
52%
1997 Giovane Elber
51%
2017 James Rodriguez
51%
1949 Hans Maier
50%
2006 Lukas Podolski
50%
2001 | 2012 Claudio Pizarro
48%
2006 Daniel van Buyten
48%
2019 Lucas Hernandez
47%
2007 Luca Toni
47%
1992 Mehmett Scholl
47%
2002 Michael Ballack
47%
2012 Tom Starke
47%
2015 Douglas Costa
46%
2012 Emre Can
46%
2008 Hans Jörg Butt
46%
2021 Marcel Sabitzer
46%
2020 Alexander Nübel
45%
2020 Eric Maxim Choupo-Moting
45%
2009 Holger Badstuber
45%
2022 Mathys Tel
45%
2019 Philippe Coutinho
45%
2011 Rafinha
45%
1990 Stefan Effenberg
45%
2019 Benjamin Pavard
42%
2009 Ivica Olic
42%
2024 Eric Dier
41%
2006 Mark van Bommel
41%
2015 Arturo Vidal
40%
2020 Bouna Sarr
40%
2023 Daniel Peretz
40%
2017 Corentin Tolisso
39%
1995 Jürgen Klinsmann
39%
2023 Yann Sommer
38%
1996 Mario Basler
37%
1970 Paul Breitner
37%
2022 Ryan Gravenberch
37%
2004 Lucio
36%
2022 Noussair Mazraoui
36%
2003 Roy Makaay
36%
2018 Sandro Wagner
36%
2002 Zé Roberto
36%
2023 Arijon Ibrahimovic
35%
2014 Juan Bernat
35%
2016 Renato Sanches
35%
1997 Bixente Lizarazu
34%
2008 Breno
34%
2019 Ivan Perisic
34%
1998 Hasan Salihamidzic
33%
2024 Joao Palhinha
33%
2003 Martin Demichelis
33%
2022 Paul Wanner
33%
2010 Diego Contento
32%
2014 Sebastian Rode
32%
2017 Sebastian Rudy
32%
2012 Xherdan Shaqiri
32%
2024 Bryan Zaragoza
31%
2023 Joao Cancelo
31%
2020 Joshua Zirkzee
31%
1976 Klaus Augenthaler
31%
2011 Luiz Gustavo
31%
2001 Nico Kovac
31%
2001 Robert Kovac
31%
2014 Pepe Reina
30%
2007 Hamit Altintop
29%
2017 Christian Früchtl
28%
1967 Helmut Schmidt
28%
2012 Mitchell Weiser
28%
1966 Rudolf Schmidt
28%
1948 Thomas Mayer
28%
1966 Georg Schwarzenbeck
27%
2025 Jonah Kusi-Asare
27%
2014 Medhi Benatia
27%
1996 Carsten Jancker
26%
2019 Michael Cuisance
26%
2008 Thomas Kraft
26%
1986 Andreas Brehme
25%
2005 Andreas Ottl
25%
2003 Christian Lell
25%
2019 Fiete Arp
25%
2007 Jan Schlaudraff
25%
2011 Nils Petersen
25%
2000 Owen Hargreaves
24%
2002 Sebastian Deisler
24%
2000 Willy Sagnol
24%
2023 Daley Blind
23%
2023 Frans Krätzig
23%
1994 Samuel Kuffour
23%
1993 Alexander Zickler
22%
2009 Anatoliy Tymoshchuk
22%
2013 Jan Kirchhoff
22%
1982 Jean-Marie Pfaff
22%
2021 Malik Tillmann
22%
1999 Roque Santa Cruz
22%
2004 Torsten Frings
22%
2024 Adam Aznou
21%
2020 Alvaro Odriozola
21%
1974 Björn Andersson
21%
2020 Chris Richards
21%
1979 Einar Jan Aas
21%
1966 Franz Roth
21%
1998 Jens Jeremies
21%
2007 Jose Sosa
21%
2014 Julian Green
21%
1950 Karl Köhle
21%
2009 Landon Donovan
21%
2007 Marcell Jansen
21%
2020 Marc Roca
21%
2021 Omar Richards
21%
1999 Patrik Andersson
21%
1999 Paulo Sergio
21%
2020 Tanguy Nianzou
21%
2009 Danijel Pranjic
20%
1985 Hansi Flick
20%
1991 Markus Babbel
20%
2018 Ron Thorben Hofmann
20%
2023 Tarek Buchmann
20%
1995 Thomas Strunz
20%
1971 Willi Hofmann
20%
1970 Edgar Schneider
19%
2009 Edson Braafheid
19%
1961 Karl Schneider
19%
2016 Serdar Tasci
19%
1992 Thomas Helmer
19%
1996 Bernd Dreher
18%
1993 Dietmar Hamann
18%
2022 Gabriel Vidovic
18%
1988 Matthias Hamann
18%
1997 Michael Tarnat
18%
1982 Raimond Aumann
18%
1998 Thomas Linke
18%
2003 Tobias Rau
18%
1990 Christian Ziege
17%
1995 Ciriago Sforza
17%
1988 Olaf Thon
17%
2013 Pierre-Emile Højbjerg
17%
2005 Ali Karimi
16%
1995 Andreas Herzog
16%
1994 Jean-Pierre Papin
16%
2005 Julio dos Santos
16%
1989 Jürgen Kohler
16%
2008 Massimo Oddo
16%
1964 Peter Werner
16%
2014 Sinan Kurt
16%
2011 Takashi Usami
16%
2005 Valerien Ismael
16%
1990 Brian Laudrup
15%
2024 Lovro Zvonarek
15%
2017 Marco Friedl
15%
2016 Niklas Dorsch
15%
2008 Tim Borowski
15%
1998 Ali Daei
14%
1991 Christian Nerlinger
14%
1969 Helmut Nerlinger
14%
1980 Jürgen Rober
14%
1997 Thorsten Fink
14%
2020 Tiago Dantas
14%
2004 Andreas Görlitz
13%
1955 Erich Hahn
13%
1948 Hans Bauer
13%
1951 Helmut Bauer
13%
2012 Lukas Raeder
13%
1984 Roland Wohlfarth
13%
1988 Stefan Reuter
13%
1999 Stefen Wessels
13%
1987 Armin Eck
12%
1991 Bruno Labbadia
12%
1950 Herbert Moll
12%
1989 Manfred Bender
12%
2012 Patrick Weihrauch
12%
1983 Sören Lerby
12%
1989 Sven Scheuer
12%
2004 Vahid Hashemian
12%
1972 Georg Weiß
11%
1974 Günther Weiß
11%
1972 Hans Jörg
11%
1974 Josef Weiß
11%
1985 | 1989 Manfred Schwabl
11%
1963 Oswald Schumacher
11%
2003 Piotr Trochowski
11%
1948 Rudolf Scholz
11%
1996 Ruggiero Rizzitelli
11%
1991 Toni Schumacher
11%
1973 Viggo Jensen
11%
1954 Werner Huber
11%
1984 Achim Förster
10%
1993 Adolfo Valencia
10%
1974 Bernd Förster
10%
1967 Gustav Jung
10%
1969 Klaus Klein
10%
1975 Ludwig Schuster
10%
2003 Michael Rensig
10%
1994 Alain Sutter
9%
1989 Alan McInally
9%
2014 Alessandro Schöpf
9%
2009 Alexander Baumjohann
9%
1983 Hans Dorfner
9%
1981 Hans Pflügler
9%
2022 Johannes Schenk
9%
1992 Jorginho
9%
2022 Lucas Copado
9%
1984 Ludwig Kögl
9%
1975 Manfred Ober
9%
1999 Michael Wiesinger
9%
1999 Nils-Eric Johansson
9%
1982 Norbert Nachtweih
9%
1991 Oliver Kreuzer
9%
1980 Reinhold Mathy
9%
2006 Stephan Fürstner
9%
2023 Tom Hülsmann
9%
1976 Vesley Schenk
9%
2019 Adrian Fein
8%
1973 Hans-Josef Kapellmann
8%
1992 Harald Cerny
8%
1980 | 1985 Helmut Winklhofer
8%
1991 Jan Wouters
8%
1970 Johnny Hansen
8%
1954 Josef Berg
8%
1980 Karl Del'Haye
8%
1977 Kurt Niedermayer
8%
1996 Markus Münch
8%
2011 Maximilian Riedmüller
8%
2010 Mehmet Ekici
8%
1990 Michael Sternkopf
8%
2001 Pablo Thiam
8%
1996 Stefan Leitl
8%
1991 Thomas Berthold
8%
1973 Torben Hansen
8%
1991 Uwe Gospodarek
8%
1977 Walter Junghans
8%
1960 Werner Olk
8%
1979 Wolfgang Dremmler
8%
1972 Bernd Dürnberger
7%
1981 Bertram Beierlorzer
7%
2022 Bright Arrey-Mbi
7%
1997 David Jarolim
7%
2016 Fabian Benko
7%
1998 Frank Wiblishauser
7%
1979 Hans Weiner
7%
2014 Ivan Lucic
7%
1987 Jürgen Wegmann
7%
1992 Markus Schupp
7%
1961 Rainer Ohlhauser
7%
1981 Thomas Herbst
7%
1968 August Starek
6%
2021 Christopher Scott
6%
1997 Dennis Grassow
6%
1992 Dieter Frey
6%
1985 Frank Hartmann
6%
1946 Franz Bachl
6%
1976 Fritz Kloo
6%
1971 Herbert Schröder
6%
1972 Herbert Zimmermann
6%
1973 Hugo Robl
6%
2003 Jan Schlösser
6%
1975 Jürgen Marek
6%
1974 Klaus Wunder
6%
1956 Leonhard Nürnberger
6%
2001 Markus Feulner
6%
1996 Markus Oberleitner
6%
1972 Matthias Obermeier
6%
1991 Mazinho
6%
1984 Norbert Eder
6%
1977 Norbert Janzon
6%
1958 Peter Grosser
6%
1976 Peter Gruber
6%
1970 Rainer Zobel
6%
1963 Robert Grosser
6%
1963 Rudolf Grosser
6%
2021 Taylor Booth
6%
1977 Wolfgang Rausch
6%
1991 Alois Reinhardt
5%
1991 Bernardo
5%
1977 Branko Oblak
5%
1973 Conny Torstensson
5%
1960 Erich Tschöp
5%
1996 Frank Gerster
5%
1988 Johnny Ekström
5%
1993 Marcel Witeczek
5%
1993 Marco Grimm
5%
1987 Mark Hughes
5%
1960 Peter Kupferschmidt
5%
1968 Petet Pumm
5%
1989 Radmilo Mihajlovic
5%
1988 Roland Grahammer
5%
1947 Roman Metz
5%
1975 Udo Horsmann
5%
1989 Allan Nielsen
4%
1998 Berkant Göktan
4%
1976 Eduard Kirschner
4%
1994 Emil Kostadinov
4%
2014 Gianluca Gaudinho
4%
1976 Hubertus Licht
4%
1954 Josef Niedermeier
4%
1977 Karl-Heinz Wohlland
4%
1987 Lars Lunde
4%
2020 Leon Dajaku
4%
1986 Uli Bayerschmidt
4%
1982 Wolfgang Grobe
4%
1979 Wolfgang Kraus
4%
2000 Alou Diarra
3%
1977 Anton Schrobenhauser
3%
1973 Burkhard Segler
3%
1962 Dieter Brenninger
3%
1971 Franz Gerber
3%
1971 Franz Krauthausen
3%
1972 Gernot Rohr
3%
1969 Günther Michl
3%
1953 Heinz Frank
3%
1961 Jakob Drescher
3%
1990 Michael Hecht
3%
1966 Stefan Bacak
3%
2001 Stephan Kling
3%
1997 Alexander Bugera
2%
1981 Asgeir Sigurvinsson
2%
1973 Dusan Jovanovic
2%
1977 Erhan Önal
2%
1970 Erich Maas
2%
1988 Erland Johnsen
2%
1973 Erwin Hadewicz
2%
1974 Franz Michelberger
2%
1975 Fred Arbinger
2%
1960 Fritz Kosar
2%
1990 Gerald Hillringhaus
2%
1965 Hans Nowak
2%
1984 Holger Willmer
2%
1978 Martin Jol
2%
1980 Pasi Rautiainen
2%
1975 Rainer Künkel
2%
1983 Reiner Maurer
2%
1999 Slawomir Wojciechowski
2%
1987 Uwe Tschiskale
2%
1962 Werner Arnold
2%
1976 Wilhelm Reisinger
2%
1961 Adolf Kunstwadl
1%
1950 Albert Oßwald
1%
1968 Albrecht Wachsmann
1%
1965 Anton Vuckov
1%
1973 Bernd Gersdorff
1%
1955 Bozidar Sencar
1%
1965 Dieter Danzberg
1%
1963 Dieter Koulmann
1%
1956 Gerhard Rieger
1%
1966 Gerhard Welz
1%
1980 Günter Güttler
1%
1965 Günther Kaussen
1%
1966 Günther Nasdalla
1%
1971 Günther Rybarczyk
1%
1947 Hans Resch
1%
1965 Hans Rigotti
1%
1983 Hans-Werner Meisel
1%
1950 Heinz Lettl
1%
1962 Herbert Erhardt
1%
1969 Herwart Koppenhöfer
1%
1965 Hubert Windsperger
1%
1970 Jürgen Ey
1%
1953 Karl Adam
1%
1960 Karl-Heinz Borutta
1%
1969 Karl-Heinz Mrosko
1%
1950 Karl Witt
1%
1975 Kjeld Seneca
1%
1958 Klaus Kuhnert
1%
1966 Klaus Walleitner
1%
1965 Kurt Kroiß
1%
1963 Manfred Mokosch
1%
1969 Manfred Seifert
1%
2008 Markus Steinhöfer
1%
1972 Martin Wildgruber
1%
1959 Peter Fröhlich
1%
1981 Peter Grünberger
1%
1968 Peter Stegmann
1%
2014 Phillipp Steinhart
1%
1964 Ramiro Blacut
1%
1991 Raymond Victoria
1%
1968 Reinhard Lippert
1%
1974 Richard Mamajewski
1%
1986 Robert Dekeyser
1%
1955 Rudolf Jobst
1%
1961 Rudolf Nafziger
1%
1959 Siegfried Tietz
1%
1950 Sigmund Wölfl
1%
1983 Stefan Dinauer
1%
1988 Thomas Kastenmeier
1%
1984 Ugur Tutüneker
1%
1973 Walter Modick
1%
1959 Willi Giesemann
1%
1954 Willi Knauer
1%
1966 Wolfgang Comploy
1%
1971 Wolfgang Sühnholz
1%
1967 Zvonko Bego
1%
1959 Adolf Tochtermann
0%
1962 Alfred Brecht
0%
1957 Arpad Fazekas
0%
1968 Benno Zellermayer
0%
1957 Bülent Eralp
0%
1948 Franz Schmalzl
0%
1960 Georg Bogeschdorfer
0%
1952 Gerd Schädlich
0%
1957 Gerhard Siedl
0%
1951 Hans Faltermeier
0%
1950 Hans Hädelt
0%
1959 Harry Sieber
0%
1960 Heinz Ostner
0%
1967 Herbert Stöckl
0%
1958 Herbert Weichselbaumer
0%
1967 Horst Schauß
0%
1958 Istvan Sipos
0%
1961 Joachim Thimm
0%
1960 Johann Weiner
0%
1961 Josef Röckenwagner
0%
1950 Josef Seemann
0%
1950 Josef Starflinger
0%
1958 Jozsef Zsamboki
0%
1967 Karl Deuerling
0%
1960 Karl-Heinz Peschen
0%
1957 Kurt Sommerlatt
0%
1950 Ladislav Jirasek
0%
1950 Lothar Grziwok
0%
1954 Ludwig Landerer
0%
1953 Manfred Lindner
0%
1964 Manfred Schwalm
0%
1960 Milos Milutknovic
0%
1973 Norbert Ivangean
0%
1962 Norbert Wodarzik
0%
1963 Otto Jaworski
0%
1952 Peter Velhorn
0%
1950 Rudolf Brandmaier
0%
1956 Siegfried Manthey
0%
1981 Stefan Schehl
0%
1959 Tibor Lorincz
0%
1959 Walter Wagenbauer
0%
1963 Werner Ipta
0%
1953 Werner Wieland
0%
1950 Wilhelm Krauss
0%
1950 Wilhelm Ostermeier
0%
1969 Wolfgang Gierlinger
0%
1972 Zlatko Skoric
0%
2003 Zvjezdan Misimovic
0%
Keine übereinstimmenden Quizze gefunden
Verteilung der Resultate
Anzahl Personen mit jedem Resultat
Perzentil nach korrekt beantworteten Fragen
Ihre Resultats-Entwicklung
Sie haben dieses Quiz seit der letzten Aktualisierung nicht gespielt